Canciones de Metallica - ¡Muerte súbita! - Estadísticas

Estadísticas generales
  • Esta prueba ha sido intentada 45 veces
  • La puntuación promedio es 8 de 13
Answers on the Grid
Answers color-coded by a green-red scale on the quiz's grid according to % correct below.
Nothing Else Matters
Exit Sandman
Master of Puppets
Creeping Death
Sad But False
Fade to Black
Fuel
For Whom the Bell Tolls
Seek & Destroy
Cyanide
The Unforgiven
The Unforgiven III
The Unforgiven V
Holy Wars... The Punishment Due
Painkiller
The Number of the Beast
Peace Sells
Rusty Cage
One of These Days
Cemetery Gates
Caught in a Mosh
Angel of Death
One
Holier Than Thou
The Memory Remains
 
Estadísticas de respuestas
Respuesta % Correcto
Master of Puppets
83%
Nothing Else Matters
83%
Fuel
75%
Seek & Destroy
72%
The Unforgiven
72%
Fade to Black
69%
One
67%
For Whom the Bell Tolls
61%
The Unforgiven III
61%
Creeping Death
56%
Holier Than Thou
47%
The Memory Remains
42%
Cyanide
36%
No se encontraron pruebas coincidentes
Distribución de puntuación
Porcentaje de gente con cada puntuación
Porcentaje por número respondido
Historial de tus puntuaciones
No has intentado esta prueba.